| 000 | 00645nam a2200217 a 4500 | ||
|---|---|---|---|
| 001 | BRCA_3855 | ||
| 005 | 20190320204441.0 | ||
| 008 | 171209s1812----gw-a######---#000-0#ger-# | ||
| 041 | _ager | ||
| 044 | _agw | ||
| 050 | 4 |
_aG440 _b.L36 1812 |
|
| 100 | 1 |
_aLangsdorff, Georg Heinrich von _d1774-1852. _910040 |
|
| 245 | 1 | 0 |
_aBemerkungen auf einer Reise um die Welt inden Jahren 1803 bis 1807 _cG. H. Langsdorff. |
| 260 |
_aFrankfurt _bFriedrich Wilmans _c1812 |
||
| 300 |
_a3 v. _bil., láminas _c27 cm. |
||
| 500 | _aC14. | ||
| 650 | 1 | 4 |
_aViajeros alemanes _97026 |
| 650 | 1 | 4 |
_aViajes alrededor del mundo _910041 |
| 902 | _aGFM | ||
| 942 |
_2lcc _cB |
||
| 999 |
_c3583 _d3583 |
||